| 000 | 00524nam a2200181Ia 4500 | ||
|---|---|---|---|
| 001 | 2504 | ||
| 005 | 20260306144812.0 | ||
| 008 | 260306t2014||||xx |||||||||||||| ||spa|| | ||
| 041 | _aESP | ||
| 082 |
_a619.89142 _bC28U |
||
| 100 |
_aCaro Gabalda, Isabel _eAUT |
||
| 245 | 0 |
_aEl uso del lenguaje en psicoterapia cognitiva: _bconceptos y técnicas principales de la terapia lingüística de evaluación |
|
| 260 | _c2014 | ||
| 300 |
_a282 páginas : _c21 cm. |
||
| 650 | _aGEN | ||
| 654 | _aCPS | ||
| 942 |
_cLIB _dJUS _fJUS _2ddc _n |
||
| 999 |
_c2504 _d2504 |
||